| 000 | 01966nam a2200361 a 4500 | ||
|---|---|---|---|
| 999 |
_c393260 _d393260 |
||
| 003 | BLK | ||
| 005 | 20250712131624.0 | ||
| 008 | 210301b bu |||||r|||| 00| | bu d | ||
| 020 | _a9786192400408 | ||
| 040 | _aBLK | ||
| 041 |
_aBUL _cBUL |
||
| 080 |
_aБългарска литература _b821.163.2 _x-93-1 _z821.163.2-93-1 |
||
| 100 |
_aЦанев, Иван _d1941- _gПоет. Литературовед. Преводач от гръцки и унгарски език. _qИванов, Иван Цанев _9292602 |
||
| 139 | _aЦанев, Иван | ||
| 245 |
_aДневни щурчета _bИзбрани творби _cИван Цанев ; ил. Иван Димов и др. |
||
| 257 | _aBGR | ||
| 260 |
_9209558 _aСофия _bПАН _c2020 _fСофия : Циан |
||
| 300 |
_c20 см _a104 с. _bс ил. |
||
| 380 | _aDX | ||
| 490 |
_9206743 _aБългарска класика за деца |
||
| 500 | _aПълната форма на името на авт. Иван Цанев е Иван Цанев Иванов, на ил. Иван Димов - Иван Димов Иванов, на авт. на доп. материал Светлана Стойчева - Светлана Стойчева Андерсон. - Други ил.: Олга Паскалева, Тоня Горанова . - Биогр. данни за авт. отбелязани на гърба на кор. | ||
| 505 |
_rавт. на доп. материал Светлана Стойчева _tДетски поет или поет за деца е Иван Цанев? |
||
| 700 |
_aПаскалева, Олга Венелинова _9470131 |
||
| 700 |
_9599 _aГоранова, Тоня Рускова _eил. |
||
| 852 |
_aЦб 306183 _bЦб |
||
| 852 |
_aК 821.163.2/Ц 16 И _bЦб |
||
| 942 |
_cKNG _n0 _s1 _04 |
||
| 944 |
_aCR _k30546 _lРенета Константинова |
||
| 999 | _d393260 | ||
| 999 | _d393260 | ||
| 999 | _d393260 | ||
| 999 | _d393260 | ||